Monty Python's Life of Brian Quiz - Statistics

General Stats
  • This quiz has been taken 551 times
  • The average score is 13 of 20
Answer Stats
Hint Answer % Correct
Who is born in the stable next door to Brian? Jesus
94%
What letter does Pontius Pilate have difficulty pronouncing? R
90%
What do the women at the stoning wear as a disguise? Fake beards
79%
"'He's not the messiah, he's a very ______ boy!'" Naughty
79%
"'What have the Romans ever done for us?'" Name any of the things the Romans provided for their citizens. The aqueduct, sanitation, roads, irrigation, medicine, education, wine, public baths, peace, etc.
78%
And who is his friend, with a quite comical name? Biggus Dickus
76%
What song is sung at the very end of the film? "Always Look on the Bright Side of Life"
72%
Which actor played Brian? Graham Chapman
66%
"'I think it was "Blessed are the __________." ... What's so special about the __________? ... Well, obviously it's not meant to be taken literally. It refers to any manufacturer of dairy products.'" Cheesemakers
65%
"'Charity for an ex-_____?'" Leper
61%
What phrase, although incorrectly spelled, is Brian tasked with writing on the palace wall? "Romans go home"
61%
What was the name of the anti-Roman group that Brian joined? The People's Front of Judea
60%
There are two items that Brian's followers worship after he leaves them behind. Name either of them. His shoe and the "Holy Gourd of Jerusalem"
59%
And they are not to be confused with which other group with a similar name? The Judean People's Front
59%
While being chased by the Romans, who is Brian accidentally "abducted" by? Aliens
58%
Why is a man sentenced to death by stoning? For saying "Jehovah"
57%
"'It's every man's right to have _____ if he wants them.'" Babies
55%
And his wife's name? Incontinentia Buttocks
44%
Who does Brian fall in love with? Judith
35%
And what is the correct Latin spelling of that phrase? "Romani ite domum"
18%
No matching quizzes found
Score Distribution
Percent of People with Each Score
Percentile by Number Answered
Your Score History
You have not taken this quiz